书目信息 |
| 题名: |
多才多艺的文学巨匠——歌德
|
|
| 作者: | 王文 编著 | |
| 分册: | ||
| 出版信息: | 长春 吉林人民出版社 2011 |
|
| 页数: | 127页 | |
| 开本: | 23cm | |
| 丛书名: | 历史的丰碑丛书 | |
| 单 册: | ||
| 中图分类: | K835.165.6 , K835.165.6=41 , K835.16 | |
| 科图分类: | ||
| 主题词: | ||
| 电子资源: | ||
| ISBN: | 978-7-206-07634-3 | |
| 000 | 01089oam2 2200301 450 | |
| 001 | 2374788111 | |
| 005 | 20231129024813.50 | |
| 010 | @a978-7-206-07634-3@dCNY35.00 | |
| 100 | @a20120912d2011 em y0chiy0110 ea | |
| 101 | 0 | @achi |
| 102 | @aCN@b220000 | |
| 105 | @aac z 000yb | |
| 200 | 1 | @a多才多艺的文学巨匠——歌德@Aduo cai duo yi de wen xue ju jiang—— ge de@f王文编著 |
| 210 | @a长春@c吉林人民出版社@d2011 | |
| 215 | @a127页@c图,肖像@d23cm | |
| 225 | 2 | @a历史的丰碑丛书@i文学艺术家卷 |
| 330 | @a本书内容包括: 故乡与童年、风华正茂的大学生活、非凡的才华与抱负、逃避与探索、歌德与拿破仑、贝多芬、友谊地久天长、勤奋充实的暮年。 | |
| 410 | 0 | @12001 @a历史的丰碑丛书 |
| 410 | 0 | @12001 @a文学艺术家卷 |
| 540 | 1 | @a歌德@9ge de |
| 600 | 1 | @a歌德@c(Goethe, Johann Wolfgang von@f1749-1832)@x生平事迹@j青年读物 |
| 600 | 1 | @a歌德@c(Goethe, Johann Wolfgang von@f1749-1832)@x生平事迹@j少年读物 |
| 690 | @aK835.165.6@v5 | |
| 690 | @aK835.165.6=41@v5 | |
| 690 | @aK835.16@v4 | |
| 701 | 0 | @a王文@Awang wen@4编著 |
| 801 | 0 | @aCN@b91MARC@c20130904 |
| 905 | @aZUCC@dK835.16@e34 | |
| 多才多艺的文学巨匠——歌德/王文编著.-长春:吉林人民出版社,2011 |
| 127页:图,肖像;23cm.-(历史的丰碑丛书.文学艺术家卷) |
| ISBN 978-7-206-07634-3:CNY35.00 |
| 本书内容包括: 故乡与童年、风华正茂的大学生活、非凡的才华与抱负、逃避与探索、歌德与拿破仑、贝多芬、友谊地久天长、勤奋充实的暮年。 |
| ● |
| 相关链接 |
|
|
|
正题名:多才多艺的文学巨匠——歌德
索取号:K835.16/34
 
预约/预借
| 序号 | 登录号 | 条形码 | 馆藏地/架位号 | 状态 | 备注 |
| 1 | 2001007761 | 2001007761 | 第四书库/四31架A面5层5列/ [索取号:K835.16/34] | 在馆 | |
| 2 | 2001007762 | 2001007762 | 第四书库/四31架A面5层5列/ [索取号:K835.16/34] | 在馆 | |
| 3 | 2001007763 | 2001007763 | 第四书库/四31架A面5层5列/ [索取号:K835.16/34] | 在馆 | |
| 4 | 2001007764 | 2001007764 | 第四书库/四31架A面5层5列/ [索取号:K835.16/34] | 在馆 | |
| 5 | 2001007765 | 2001007765 | 第四书库/四31架A面5层5列/ [索取号:K835.16/34] | 在馆 | |
| 6 | 2001007766 | 2001007766 | 第四书库/四31架A面5层5列/ [索取号:K835.16/34] | 在馆 |